| 000 | 00540nam a2200181 a 4500 | ||
|---|---|---|---|
| 005 | 20240924071115.0 | ||
| 008 | 991125s1970 es 000 0 spa u | ||
| 035 | _aUPN01000031877 | ||
| 049 | _aCG | ||
| 050 | 4 |
_aAC70 _bS2 no.37 |
|
| 100 | 1 |
_aBenavente, Jacinto, _d1866-1954 _932023 |
|
| 245 | 1 | 4 |
_aLos intereses creados / _cJacinto Benavente ; pról. Juan Sampelayo. |
| 260 |
_aNavarra, Esp. : _bSalvat, _c1970. |
||
| 300 | _a136 p. | ||
| 440 | 0 |
_aBiblioteca básica Salvat ; _v37 |
|
| 650 | 4 |
_aLiteratura española _95069 |
|
| 905 | _aLibro | ||
| 999 |
_c31877 _d31877 |
||